1406 1832 1511 1420 1624 1574 1717 1526 1549 1058 1339 1692 1549 1617 1295 1130 1287 1172 1368 1832 1784 1179 1744 1269 1059 1345 1984 1517 1507 1101 1744 1502 1193 1829 1267 1553 1064 1551 1436 1102 1148 1894 1484 1665 1545 1793 1999 1319 1970 1752 1808 1287 1036 1682 1659 1968 1231 1939 1272 1707 1370 1104 1796 1560 1571 1002 1617 1251 1128 1125 1717 1594 1954 1664 1135 1042 1871 1875 1571 1431 1747 1521 1724 1016 1705 1638 1235 1370 1764 1414 1404 1406 1603 1941 1716 1315 1805 1826 1608 BCNSPRNW ULIB Ver.6.0+V

เปลี่ยนเป็นภาษาไทย

Change to English
 แสดงรายละเอียดบรรณานุกรม
  กลับหน้าหลัก

Brief Record : Get Marc (ISO 2709) : E-mail record : QR code < ปิดหน้าต่าง
LEADER : 00000nas 2200000uu 4500
001    13399124718
003     ULIB
008    160203s||||||||th 000 0 tha d
022 0  ^a24081396
110 1  มหาวิทยาลัยเซนต์หลุยส์
245 00 วารสารสุขภาพกับการจัดการสุขภาพ
246 0  Journal of Health and health mamagement
310    ^aรายสี่เดือน
850 ^a ULIB^bปีที่ 4 ฉบับที่ 1 ฉ.1 ;ปีที่ 3 ฉบับที่ 3 ฉ.1 ;ปีที่ 2 ฉบับที่ 3 ฉ.1 ;ปีที่ 2 ฉบับที่ 1 ฉ.1 ;ปีที่ 1 ฉบับที่ 1 ฉ.1 ;ปีที่ 6 ฉบับที่ 2 ฉ.1 ;ปีที่ 7 ฉบับที่ 1 ฉ.1 ;ปีที่ 7 ฉบับที่ 2 ฉ.1
945    ^p0^l0^i905274
945    ^p0^l0^i905273
945    ^p0^l0^i905272
945    ^p0^l0^i903590
945    ^p0^l0^i904437
945    ^p0^l0^i905959
945    ^p0^l0^i905960
945    ^p0^l0^i905961
999    ^aเกษร โพธิ์สุวรรณ
รายการนี้ยังไม่มีแท็ก
คุณยังไม่ได้ล็อกอิน คุณสามารถมีกิจกรรมร่วมกับเว็บไซต์ได้ แต่ต้องล็อกอินก่อน ::
  ล็อกอิน

รายการสื่อสารสนเทศ (วารสาร)

ดูแบบ: กล่อง รายการ
ARRIVED
ปีที่ 1 ฉบับที่ 1 ฉ.1
สถานที่: ห้องสมุดวิทยาเขตสวรรค์ประชารักษ์ >หนังสือพิมพ์
ARRIVED
ปีที่ 2 ฉบับที่ 1 ฉ.1
สถานที่: ห้องสมุดวิทยาเขตสวรรค์ประชารักษ์ >วารสาร
ARRIVED
ปีที่ 2 ฉบับที่ 3 ฉ.1
สถานที่: ห้องสมุดวิทยาเขตสวรรค์ประชารักษ์ >วารสาร
ARRIVED
ปีที่ 3 ฉบับที่ 3 ฉ.1
สถานที่: ห้องสมุดวิทยาเขตสวรรค์ประชารักษ์ >วารสาร
ARRIVED
ปีที่ 4 ฉบับที่ 1 ฉ.1
สถานที่: ห้องสมุดวิทยาเขตสวรรค์ประชารักษ์ >วารสาร
ARRIVED
ปีที่ 6 ฉบับที่ 2 ฉ.1
สถานที่: ห้องสมุดวิทยาเขตสวรรค์ประชารักษ์ >วารสาร
ARRIVED
ปีที่ 7 ฉบับที่ 1 ฉ.1
สถานที่: ห้องสมุดวิทยาเขตสวรรค์ประชารักษ์ >วารสาร
ARRIVED
ปีที่ 7 ฉบับที่ 2 ฉ.1
สถานที่: ห้องสมุดวิทยาเขตสวรรค์ประชารักษ์ >วารสาร

BibComment


ยังไม่เคยถูกคอมเมนท์

คอมเมนท์ทรัพยากรรายการนี้
  คอมเมนท์: วารสารสุขภาพกับกา..


 Copyright 2026. Bcnsprnw @Library